000 00562nam a2200205Ia 4500
005 20250923144900.0
008 008 250917s9999 xx 000 0 eng d
037 _aTextual
040 _aDSWL
_beng
_cDSWL
041 _aeng
_2eng
084 _aY1:2z7, K3
_qDSWL
100 _aGhurye, G.S.
_9829389
245 0 _aAnthrop-Sociological Papers
_cby G.S. Ghurye
260 _aBombay
_bPopular prakashan
_c1963
300 _avi,381p.
365 _aINR
_b25
925 _g25
942 _cTEXL
_hY1:2z7, K3
999 _c1444522
_d1444522